000 00405nam a2200145Ia 4500
008 231129s2008||||xx |||||||||||||| ||spa||
020 _aISBN 13: 978-970-6
040 _bspa
082 _a530 S492s
100 _aSerway Raymond A.
245 0 _aFí­sica para ciencias e ingenierí­a V.1
260 _c2008
264 _aMéxico : Cengage Learning
942 _2ddc
_cBKS
999 _c14031
_d14031